Managerial accounting (Record no. 8391)
[ view plain ]
| 000 -LEADER | |
|---|---|
| fixed length control field | 00482nam a22001817a 4500 |
| 008 - FIXED-LENGTH DATA ELEMENTS--GENERAL INFORMATION | |
| fixed length control field | 191125b ||||| |||| 00| 0 eng d |
| 020 ## - INTERNATIONAL STANDARD BOOK NUMBER | |
| International Standard Book Number | 9780135007334 |
| 082 ## - DEWEY DECIMAL CLASSIFICATION NUMBER | |
| Classification number | 658.15 BRA |
| 100 ## - MAIN ENTRY--PERSONAL NAME | |
| Personal name | Braun, Karen Wilken |
| 245 ## - TITLE STATEMENT | |
| Title | Managerial accounting |
| 250 ## - EDITION STATEMENT | |
| Edition statement | Canadian edition. |
| 260 ## - PUBLICATION, DISTRIBUTION, ETC. | |
| Place of publication, distribution, etc. | USA ; |
| Name of publisher, distributor, etc. | Pearson Education, |
| Date of publication, distribution, etc. | 2012. |
| 300 ## - PHYSICAL DESCRIPTION | |
| Extent | xxvi, 766 p. |
| Other physical details | ill. |
| Dimensions | 26 cm. |
| 700 ## - ADDED ENTRY--PERSONAL NAME | |
| Personal name | Wendy M. Tietz. |
| Personal name | Walter T. Harrison. |
| Personal name | Rhonda, Pyper |
| 942 ## - Added entry Elements (Koha) | |
| Source of classification or shelving scheme | Dewey Decimal Classification |
| Withdrawn status | Lost status | Source of classification or shelving scheme | Damaged status | Not for loan | Collection code | Home library | Current library | Shelving location | Date acquired | Cost, normal purchase price | Serial Enumeration / chronology | Total Checkouts | Full call number | Barcode | Date last seen | Date last checked out | Price effective from | Koha item type |
|---|---|---|---|---|---|---|---|---|---|---|---|---|---|---|---|---|---|---|
| Dewey Decimal Classification | Main TEST | RTC Library | RTC Library | Main opac | 25/11/2019 | 328.30 | 14385 | 1 | 658.15 BRA | 30014511 | 01/12/2022 | 03/08/2022 | 25/11/2019 | Main |